Problemas de nuestra época (Record no. 105700)

MARC details
000 -LEADER
campo de control de longitud fija 00828nam a2200253 i 4500
001 - NÚMERO DE CONTROL
campo de control 105700
003 - IDENTIFICADOR DE NÚMERO DE CONTROL
campo de control ES-MaACL
005 - FECHA Y HORA DE LA ÚLTIMA TRANSACCIÓN
campo de control 20250607063025.0
007 - CAMPO FIJO DE DESCRIPCIÓN FÍSICA--INFORMACIÓN GENERAL
campo de control de longitud fija t|
008 - DATOS DE LONGITUD FIJA--INFORMACIÓN GENERAL
campo de control de longitud fija 060808s1960 ag ||||0| spa d
040 ## - FUENTE DE CATALOGACIÓN
Centro catalogador/agencia de origen M-BN
Lengua de catalogación spa
Centro/agencia transcriptor M-BN
080 ## - NÚMERO DE LA CLASIFICACIÓN DECIMAL UNIVERSAL
Número de la Clasificación Decimal Universal 94(65)"1954/62"
100 1# - ENTRADA PRINCIPAL--NOMBRE DE PERSONA
Nombre de persona Camus, Albert,
Fechas asociadas al nombre 1913-1960
9 (RLIN) 240798
245 10 - MENCIÓN DEL TÍTULO
Título Problemas de nuestra época
Resto del título : crónica argelina /
Mención de responsabilidad, etc. Albert Camus ; traducción de Alberto Luis Bixio.
260 ## - PUBLICACIÓN, DISTRIBUCIÓN, ETC.
Lugar de publicación, distribución, etc. Buenos Aires :
Nombre del editor, distribuidor, etc. Losada,
Fecha de publicación, distribución, etc. [1960]
300 ## - DESCRIPCIÓN FÍSICA
Extensión 150 p ;
Dimensiones 21 cm.
490 1# - MENCIÓN DE SERIE
Mención de serie Cristal del tiempo
500 ## - NOTA GENERAL
Nota general Biblioteca Juan Andrade.
651 00 - PUNTO DE ACCESO ADICIONAL DE MATERIA--NOMBRE GEOGRÁFICO
Nombre geográfico Argelia-
Subdivisión general Historia-
Subdivisión cronológica 1954-1962, Revolución.
9 (RLIN) 7803
700 1# - ENTRADA AGREGADA--NOMBRE PERSONAL
Nombre de persona Bixio, Alberto Luis.
9 (RLIN) 29037
830 0# - PUNTO DE ACCESO ADICIONAL DE SERIE-TÍTULO UNIFORME
Título uniforme Cristal del tiempo
9 (RLIN) 185072
852 ## - LOCALIZACIÓN
Ubicación ES-MaACL
Número de control de estantería AND-513
Sublocalización o colección R.109825
Holdings
Estatus retirado Estado de pérdida Estado de daño No para préstamo Biblioteca de origen Biblioteca actual Ubicación en estantería Fecha de adquisición Fuente de adquisición Total de préstamos Signatura topográfica completa Código de barras Visto por última vez Precio de reemplazo Tipo de ítem Koha
        Biblioteca del Ateneo de Madrid Biblioteca del Ateneo de Madrid Depósito 2 17/01/2008     AND-513 1110352 23/02/2023 23/02/2023 Libro impreso